FIT-CPR : (Record no. 4901)
[ view plain ]
| 000 -LEADER | |
|---|---|
| fixed length control field | 01132nam a22003017a 4500 |
| 005 - DATE AND TIME OF LATEST TRANSACTION | |
| control field | 20211101120459.0 |
| 008 - FIXED-LENGTH DATA ELEMENTS--GENERAL INFORMATION | |
| fixed length control field | 211101b2019 my ||||| |||| 00| 0 my d |
| 020 20 - INTERNATIONAL STANDARD BOOK NUMBER | |
| International Standard Book Number | 9789674128241 |
| Terms of availability | 1 |
| 020 20 - INTERNATIONAL STANDARD BOOK NUMBER | |
| Terms of availability | RM 24.00 |
| 040 04 - CATALOGING SOURCE | |
| Original cataloging agency | AKMAL |
| 082 04 - DEWEY DECIMAL CLASSIFICATION NUMBER | |
| Classification number | 616.1025 ISM |
| 090 00 - LOCALLY ASSIGNED LC-TYPE CALL NUMBER (OCLC); LOCAL CALL NUMBER (RLIN) | |
| Classification number (OCLC) (R) ; Classification number, CALL (RLIN) (NR) | 616.1025 |
| Local cutter number (OCLC) ; Book number/undivided call number, CALL (RLIN) | ISM |
| 100 0# - MAIN ENTRY--PERSONAL NAME | |
| Personal name | Ismail Mohd Saiboon |
| 9 (RLIN) | 9286 |
| 245 10 - TITLE STATEMENT | |
| Title | FIT-CPR : |
| Remainder of title | KAEDAH BAGI MENYELAMATKAN NYAWA MELALUI TEKNIK 5-T / |
| Statement of responsibility, etc. | ISMAIL MOHD SAIBOON, MOHD HISHAM MOHD ISA, AZLAN HELMY ABD SAMAT, MOHD JOHAR JAAFAR |
| 264 #1 - PRODUCTION, PUBLICATION, DISTRIBUTION, MANUFACTURE, AND COPYRIGHT NOTICE | |
| Place of production, publication, distribution, manufacture | Bangi, Selangor |
| Name of producer, publisher, distributor, manufacturer | Penerbit Universiti Kebangsaan Malaysia |
| Date of production, publication, distribution, manufacture, or copyright notice | 2019 |
| 300 ## - PHYSICAL DESCRIPTION | |
| Extent | 78 pages |
| Other physical details | illustrations, photographs |
| Dimensions | 23cm |
| 500 ## - GENERAL NOTE | |
| General note | Includes questions and answers |
| 500 ## - GENERAL NOTE | |
| General note | Includes index |
| 504 ## - BIBLIOGRAPHY, ETC. NOTE | |
| Bibliography, etc. note | Bibliography: pages [65]-67 |
| 650 10 - SUBJECT ADDED ENTRY--TOPICAL TERM | |
| Topical term or geographic name entry element | CPR (First aid) |
| 9 (RLIN) | 9287 |
| 650 20 - SUBJECT ADDED ENTRY--TOPICAL TERM | |
| Topical term or geographic name entry element | Cardiac arrest |
| General subdivision | Treatment |
| 9 (RLIN) | 9288 |
| 650 20 - SUBJECT ADDED ENTRY--TOPICAL TERM | |
| Topical term or geographic name entry element | Cardiac resuscitation |
| 9 (RLIN) | 9289 |
| 650 20 - SUBJECT ADDED ENTRY--TOPICAL TERM | |
| Topical term or geographic name entry element | Government publications |
| Geographic subdivision | Malaysia |
| 9 (RLIN) | 9290 |
| 700 0# - ADDED ENTRY--PERSONAL NAME | |
| Personal name | Mohd. Hisham Mohd. Isa |
| Relator term | author. |
| 9 (RLIN) | 9291 |
| 700 0# - ADDED ENTRY--PERSONAL NAME | |
| Personal name | Azlan Helmy Abd. Samat |
| Relator term | author. |
| 9 (RLIN) | 9292 |
| 700 0# - ADDED ENTRY--PERSONAL NAME | |
| Personal name | Mohd. Johar Jaafa |
| Relator term | author. |
| 9 (RLIN) | 9293 |
| 942 ## - ADDED ENTRY ELEMENTS (KOHA) | |
| Source of classification or shelving scheme | |
| Koha item type | Book |
| Withdrawn status | Lost status | Source of classification or shelving scheme | Damaged status | Not for loan | Collection code | Home library | Current library | Shelving location | Date acquired | Inventory number | Total Checkouts | Full call number | Barcode | Date last seen | Date last checked out | Price effective from | Koha item type |
|---|---|---|---|---|---|---|---|---|---|---|---|---|---|---|---|---|---|
| NON-FICTION | AKMAL Melaka | AKMAL Melaka | PINJAMAN | 01.11.2021 | 011422 | 1 | 616.1025 ISM | 201708026 | 08.11.2021 | 08.11.2021 | 01.11.2021 | Book |
